El combate a la piratería en Indias : 1555-1700 /

Gorde:
Xehetasun bibliografikoak
Egile nagusia: Cruz Barney, Oscar (autor)
Formatua: Liburua
Hizkuntza:gaztelania
Argitaratua: México : Universidad Iberoamericana, Plantel Santa Fe : Oxford University, 1999, c1999
Saila:(Estudios Monográficos)
Gaiak:
Etiketak: Etiketa erantsi
Etiketarik gabe, Izan zaitez lehena erregistro honi etiketa jartzen!

MARC

LEADER 00000nam^a2200000^a^4500
001 000111714
005 20250521000000.0
009 20260310093841.097
020 |a 970-613-478-6 
037 |a Acervo ITESO - Biblioteca 
041 |a ESP 
082 |a 980. 013  |b CRU 
100 |a Cruz Barney, Oscar  |e (autor) 
245 1 3 |a El combate a la piratería en Indias :  |b 1555-1700 /  |c O. Cruz Barney. 
264 4 |a México :  |b Universidad Iberoamericana, Plantel Santa Fe :  |b Oxford University,  |c 1999, c1999 
300 |a IX, 61 p. 
336 |a texto  |b txt  |2 rdacontenido 
337 |a sin mediación  |b n  |2 rdamedio 
338 |a volumen  |b nc  |2 rdasoporte 
440 1 |a (Estudios Monográficos) 
649 |a XX 
650 |a Piratas -  |z América -  |x Historia -  |y Epoca Colonial 
650 |a Relaciones Internacionales -  |z España-Inglaterra -  |x Historia 
650 |a Relaciones Internacionales -  |z España-Francia -  |x Historia 
650 |a Derecho Marítimo 
650 |a Derecho Internacional 
650 |a América -  |x Historia -  |y Epoca Colonial 
910 |a Fondo General 
920 |a Impresos - Libros 
930 |a Colección General 
905 |a 101 
901 |a 0500048550  |b IT1  |c ACC  |u 20250521 
902 |a https://opac.biblio.iteso.mx/vufind/Record/000111714